Statistics for 国产车品牌

Click here to take the quiz!

General Stats

  • This quiz has been taken 73 times
    (38 since last reset)
  • The average score is 16 of 24

Answer Stats

Answer% Correct
比亚迪
97%
上汽通用五菱
97%
小鹏
91%
一汽
84%
吉利
84%
理想
81%
长城
78%
长安
78%
领克
78%
宝骏
75%
广汽传祺
75%
蔚来
72%
奇瑞
72%
北汽
69%
华晨中华
66%
极氪
66%
魏派
63%
荣威
63%
阿维塔
50%
广汽埃安
47%
比亚迪仰望
44%
威马
41%
零跑
34%
极狐
34%

Score Distribution

Percentile by Number Answered

Percent of People with Each Score

Your Score History

You have not taken this quiz since the last reset